| 000 | 00433nam a2200181Ia 4500 | ||
|---|---|---|---|
| 005 | 20250423094417.0 | ||
| 008 | 250422s9999 xx 000 0 und d | ||
| 020 | _a0534607438 | ||
| 050 | _aA 178.1 .A4926/ | ||
| 100 | _aEdward L. Ayers | ||
| 245 | 0 | _aAmerican passages : a history of the united states | |
| 250 | _a2nd | ||
| 260 | _aUnited States | ||
| 260 | _bWadsworth | ||
| 260 | _c2004 | ||
| 300 | _a904 p | ||
| 942 | _cBK | ||
| 999 |
_c27157 _d27157 |
||